000 00552nam a2200181Ia 4500
008 151202s9999||||xx |||||||||||||| ||und||
082 _bPNVM-45599
100 _aडे शोभा.
245 _aसांजसावल्या.
260 _bमेहता पब्लिशींग हाऊस पुणे.
260 _c2004
300 _a352
600 _aडे शोभा.
630 _aसांजसावल्या.
700 _aडे शोभा.
730 _aसांजसावल्या.
942 _cBOOK
999 _c1311550
_d1311547